|
|
|
|
| LEADER |
00000nab a2200000 ar4500 |
| 001 |
vtls008984547 |
| 003 |
SK-MaSNL |
| 005 |
20260318133123.0 |
| 008 |
070330c20070330xo |||||||| 000 b|hun |
| 015 |
|
|
|a SNBRB2007/03
|2 snkbucl
|
| 038 |
|
|
|a SNKBUCL
|
| 040 |
|
|
|a DSZK
|b slo
|c DSZK
|e AACR2
|
| 041 |
0 |
|
|a hun
|
| 044 |
|
|
|a xo
|c SK
|
| 080 |
|
|
|a 329.4
|x (437.6)
|x (=511.141)
|b SMK
|2 1997
|
| 100 |
1 |
|
|a Lajos, János P.
|4 ivr
|4 aut
|9 841807
|
| 245 |
1 |
0 |
|a Árt az MKP-nak a bulvárszintre süllyesztett pozícióharc
|b interjú Gyurovszky Lászlóval, a Magyar Koalíció Pártjának elnökségi tagjával
|c [beszélgetett] Lajos P. János
|
| 300 |
|
|
|b Fotogr.
|
| 610 |
2 |
7 |
|a Strana maďarskej koalície - Magyar Koalíció Pártja
|2 snkbucl
|9 229268
|
| 655 |
|
7 |
|a rozhovory
|2 snkbucl
|9 31831
|
| 700 |
1 |
|
|a Gyurovszky, László, 1959-
|4 ive
|4 aut
|9 462501
|
| 773 |
0 |
|
|t Új szó
|g Évf. 60, sz. 75 (30.3.2007), o. 3
|
| 852 |
|
|
|a SNK
|b KIS3GCP
|
| 852 |
|
|
|a DSZK
|b KIS3GCP
|
| 958 |
|
|
|a HU
|
| 958 |
|
|
|a SK
|
| 999 |
|
|
|c 2099421
|d 2101351
|